Statistics for Countries Of The World-Capitals

Click here to take the quiz!

General Stats

  • This quiz has been taken 654 times
  • The average score is 61 of 81

Answer Stats

CapitalsCountries% Correct
BeijingChina
96%
New DelhiIndia
93%
HelsinkiFinland
92%
AmsterdamNetherlands
92%
SantiagoChile
90%
JakartaIndonesia
90%
LimaPeru
90%
LisbonPortugal
90%
MadridSpain
90%
BangkokThailand
90%
LondonUnited Kingdom
90%
WashingtonUnited States
89%
WellingtonNew Zealand
88%
KievUkraine
88%
BogotaColombia
86%
Port au PrinceHaiti
86%
IslamabadPakistan
86%
TunisTunisia
86%
HanoiVietnam
86%
RigaLatvia
84%
Vatican CityVatican City
84%
CaracasVenezuela
84%
BissauGuinea-Bissau
83%
ManilaPhilippines
83%
RiyadhSaudi Arabia
83%
AmmanJordan
82%
BelgradeSerbia
82%
Nicosia, or LefkosiaCyprus
81%
VilniusLithuania
81%
MontevideoUruguay
81%
AscuncionParaguay
80%
Abu DhabiUnited Arab Emirates
80%
T'BlisiGeorgia
78%
TegucagalpaHonduras
78%
MogadishuSomalia
78%
PristinaKosovo
77%
SkopjeMacedonia
77%
KhartoumSudan
76%
VientianeLaos
75%
ManaguaNicaragua
75%
HarareZimbabwe
75%
MuscatOman
74%
AbujaNigeria
73%
DohaQatar
73%
St.John'sAntigua and Barbuda
72%
GeorgetownGuyana
72%
DakarSenegal
72%
TashkentUzbekistan
72%
Sana'aYemen
72%
Bandar Seri BegawanBrunei
71%
MonroviaLiberia
71%
OuagadougouBurkina Faso
70%
VaduzLiechtenstein
70%
NiameyNiger
70%
LusakaZambia
70%
ParamariboSuriname
69%
AshgabatTurkmenistan
69%
KampalaUganda
69%
YaoundeCameroon
67%
KigaliRwanda
67%
LibrevilleGabon
65%
Port MoresbyPapua New Guinea
65%
DiliTimor Leste
65%
BujumburaBurundi
64%
St.George'sGrenada
64%
DushanbeTajikistan
64%
PraiaCape Verde
63%
BanjulGambia
63%
LilongweMalawi
63%
FunafutiTuvalu
63%
Porto NovoBenin
62%
AsmaraEritrea
62%
ApiaSamoa
61%
Nuku'alofaTonga
61%
BasseterreSt.Kitts And Nevis
60%
CastriesSt.Lucia
60%
Port VilaVanuatu
60%
MaseruLesotho
59%
HoniaraSolomon Islands
56%
MelekeokPalau
47%
BairikiKiribati
36%

Score Distribution

Percentile by Number Answered

Percent of People with Each Score

Your Score History

You have not taken this quiz